书目信息 |
| 题名: |
经世济民集
|
|
| 作者: | 马骁 , 蔡春 主编 | |
| 分册: | 第8辑 | |
| 出版信息: | 成都 西南财经大学出版社 2013 |
|
| 页数: | 337页 | |
| 开本: | 24cm | |
| 丛书名: | ||
| 单 册: | ||
| 中图分类: | F0-53 , F810-53 | |
| 科图分类: | ||
| 主题词: | 经济学--文集 , 财政学--文集 , 金融学--文集 , 经济学 , 财政学 , 金融学 | |
| 电子资源: | ||
| ISBN: | 978-7-5504-0892-0 | |
| 000 | 01218nam0 2200337 450 | |
| 001 | 523 | |
| 005 | 20140908143547.21 | |
| 010 | @a978-7-5504-0892-0@dCNY58.00 | |
| 100 | @a20130530d2013 em y0chiy50 ea | |
| 101 | 0 | @achi |
| 102 | @aCN@b510000 | |
| 105 | @aa z 000yy | |
| 106 | @ar | |
| 200 | 1 | @a经世济民集@AJing Shi Ji Min Ji@e西南财经大学光华讲演录@EXi Nan Cai Jing Da Xue Guang Hua Jiang Yan Lu@h第8辑@HDi 8 Ji@f马骁,蔡春主编@FMa Xiao, Cai Chun Zhu Bian |
| 210 | @a成都@c西南财经大学出版社@d2013 | |
| 215 | @a337页@c照片@d24cm | |
| 300 | @a光华论坛 光华讲演录 | |
| 330 | @a本书收录了《关于建立中国特色资本市场的几个问题》、《美国次贷危机对金融改革的启示》、《金融学科演进概貌》、《中国改革开放三十年的根本经验》、《期货市场与国民经济发展》等文章。 | |
| 517 | 1 | @a西南财经大学光华讲演录@AXi Nan Cai Jing Da Xue Guang Hua Jiang Yan Lu |
| 606 | 0 | @a经济学@j文集 |
| 606 | 0 | @a财政学@j文集 |
| 606 | 0 | @a金融学@j文集 |
| 606 | 0 | @a经济学 |
| 606 | 0 | @a财政学 |
| 606 | 0 | @a金融学 |
| 690 | @aF0-53@v5 | |
| 690 | @aF810-53@v5 | |
| 701 | 0 | @a马骁@AMa Xiao@f(1963.1~)@4主编 |
| 701 | 0 | @a蔡春@ACai Chun@f(1963~)@4主编 |
| 801 | 0 | @aCN@bTANGWEI@c20140603 |
| 905 | @b0837709-11@dF0-53@e439@f3 | |
| 经世济民集:西南财经大学光华讲演录.第8辑/马骁,蔡春主编.-成都:西南财经大学出版社,2013 |
| 337页:照片;24cm |
| 光华论坛 光华讲演录 |
| ISBN 978-7-5504-0892-0:CNY58.00 |
| 本书收录了《关于建立中国特色资本市场的几个问题》、《美国次贷危机对金融改革的启示》、《金融学科演进概貌》、《中国改革开放三十年的根本经验》、《期货市场与国民经济发展》等文章。 |
| ● |
| 相关链接 |
|
|
|
|
正题名:经世济民集
索取号:F0-53/439
 
预约/预借
| 序号 | 登录号 | 条形码 | 馆藏地/架位号 | 状态 | 备注 |
| 1 | 0837709 | 208377095 | 第一样本阅览室/ [索取号:F0-53/439] | 在馆 | |
| 2 | 0837710 | 208377102 | 第一借阅区/ [索取号:F0-53/439] | 在馆 | |
| 3 | 0837711 | 208377111 | 密集书库-海洋学院/ [索取号:F0-53/439] | 在馆 |